[Event "Tradewise Masters"]
[Site "Gibraltar"]
[Date "2018.01.27"]
[Round "5.1"]
[White "Duda, Jan Krzysztof"]
[Black "Nakamura, Hikaru"]
[Result "0-1"]
[WhiteElo "2724"]
[BlackElo "2781"]
[EventDate "2018.??.??"]
[Annotator "Bojkov,Dejan"]
[PlyCount "78"]
[Beauty "7701975042078"]
[EventType "team-tourn"]
[EventCountry "GGB"]

1.e4 c5 2.Nf3 d6 3.d4 cxd4 4.Nxd4 Nf6 5.Nc3 g6 {An aggressive choice.} 6.Be3 Bg7 7.f3 O-O 8.Qd2 Nc6 9.O-O-O {A solid line against the Dragon. Our readers remember that it was also the choice of the world champion in Tata Steel's probably most memorable game.} 9...d5 10.Qe1 e5 11.Nxc6 bxc6 12.exd5 Nxd5 13.Bc4 Be6 14.Kb1 ( {The main move is} 14.Ne4 {which could transpose to the game after} 14...Rb8 15.Kb1 Qc7 ) 14...Rb8 ( {Another move worked very well for Edouard in the following game:} 14...Re8 15.h4 ( {However} 15.Bb3 {was stronger.} ) 15...Qc7 16.Nxd5 cxd5 17.Bxd5 Bxd5 18.Rxd5 e4 $1 19.fxe4 Rxe4 20.Qd2 Bxb2 $1 21.Kxb2 Qb7+ 22.Ka1 Rxe3 {with strong initiative for a pawn, Navara,D (2735)-Edouard,R (2641) Drancy 2016} ) 15.Ne4 Qc7 {On his turn Nakamura avoids the most forcing lines after} ( 15...f5 ) 16.Bc5 Rfd8 17.g4 {The same French GM Edouard believes that White is somewhat better here.} 17...h6 {Black cannot tolerate the knight on e4 and prepares the f7-f5 advance.} 18.h4 f5 19.gxf5 gxf5 20.Ng3 Qf7 21.Bb3 Rd7 {[#]} 22.Ne2 $146 ( {Duda deviates from the predecessor:} 22.Qa5 Rbd8 23.Rd3 Nf4 ( {Most likely Black intended} 23...Kh7 {as in the game.} ) 24.Qxd8+ Rxd8 25.Rxd8+ Kh7 26.Rhd1 {with advantage for White, Wei,Y (2557)-Gagare,S (2419) Chongqing 2013} ) 22...Rbd8 23.h5 Kh7 24.Qa5 ( {Also interesting was} 24.Rg1 $5 Qxh5 25.Qf2 Qf7 ) 24...Nf4 $5 {Black spoils his pawn strcuture, but opens up the long diagonal for his bishop.} ( {The alternative was} 24...Nc7 25.Rxd7 ( 25.Rdg1 ) 25...Rxd7 {with the point that} 26.Qxa7 Bxb3 27.axb3 Qd5 {is good for Black.} ) 25.Rxd7 Rxd7 26.Nxf4 exf4 27.Qe1 {This seems a bit timid. The queen was standing well on the fifth rank. Two other moves deserved serious attention instead.} ( 27.Bf2 {opens the fifh rank at once. Rh1-e1 is on the agenda. After} 27...Qf6 ( {Or} 27...Bd5 28.Bxd5 ) 28.c3 Bd5 29.Bxd5 {White should be better.} ) ( {Also good was} 27.Bxe6 Qxe6 28.Bb4 {the active queen on a5 somehow keeps the black pieces away from the white king.} ) 27...Bd5 28.Bb4 {Another retreat and Black can show how active he is.} ( 28.Bxd5 Qxd5 {would be great for Black as well.} ) ( {However, it was not too late to activate the queen with} 28.Qh4 Bxb3 29.axb3 Qd5 30.Qf2 {when White stands well.} ) 28...c5 29.Bxd5 {Third inaccuracy in a row and Nakamura seizes the initiative for good.} ( {Correct was} 29.Bxc5 Qf6 30.c3 Bxf3 31.Rg1 Be4+ ( {Not} 31...Bxh5 $6 32.Qe6 ) 32.Ka1 Qe5 {with unclear position.} ) ( 29.Bc3 {is not good though due to} 29...c4 30.Ba4 Re7 31.Qd2 Bxf3 ) 29...Qxd5 30.Ba3 ( {Sure not} 30.Bc3 Bxc3 31.Qxc3 $4 Qd1+ 32.Rxd1 Rxd1# ) 30...Qxf3 31.Bxc5 Rb7 {The dream of all the Dragon players. The rook on the b-file and the bishop on the long diagonal merge their efforts to attack the white king. In addition, there is a dangerous passer on the f-file which can easily distract the white defenders.} 32.b3 ( 32.c3 $2 Bxc3 ) ( 32.Ba3 $2 Qxa3 ) 32...Qd5 33.Ba3 ( {More resilient seems to be} 33.Bf2 {although after} 33...Re7 $1 34.Qxe7 Qxh1+ 35.Be1 Qe4 36.Qb4 Qd4 $1 {Black should win as well.} ( 36...f3 ) ) 33...Qd4 34.c3 Qd3+ $1 ( {A pawn is too small of a price for the attack that Black has} 34...Qxc3 $2 35.Qxc3 Bxc3 36.Rd1 {would give White excellent surviving chances.} ) 35.Kb2 f3 ( 35...a5 $5 ) 36.Bc5 ( {If} 36.Rf1 Bxc3+ 37.Qxc3 Qxf1 {wins at once.} ) ( {White also cannot defend along the second rank due to} 36.Rh2 Rc7 37.Rc2 Rxc3 $1 38.Rxc3 Qxc3+ 39.Qxc3 Bxc3+ 40.Kxc3 f2 ) 36...f2 $1 {A nice deflection.} 37.Bxf2 ( {Black has winning position after} 37.Qc1 Rc7 38.b4 a5 39.a3 Qc4 ( {But not} 39...Bxc3+ 40.Qxc3 f1=Q 41.Rxf1 Qxf1 42.Qe5 {when nothing is clear.} ) ) 37...Re7 $1 {Another deflection. Duda was so impressed that allowed the checkmate for the joy of the audience.} 38.Qxe7 Qxc3+ 39.Ka3 Qa5# 0-1

[Event "80th Tata Steel GpA"]
[Site "Wijk aan Zee NED"]
[Date "2018.01.24"]
[Round "10.1"]
[White "Carlsen, Magnus"]
[Black "So, Wesley"]
[Result "1-0"]
[WhiteElo "2834"]
[BlackElo "2792"]
[EventDate "2018.01.13"]
[Annotator "Bojkov,Dejan"]
[PlyCount "149"]
[Beauty "5567754023434"]
[EventType "team-tourn"]
[EventCountry "NED"]

1.Nf3 d5 2.d4 Nf6 3.Bf4 Bf5 4.e3 e6 5.c4 Bxb1 {A lot of authors award this move with an exclamation mark and state that the resulting positions are equal. What will follow next did not come as a shocking surprise for either of the players.} 6.Qxb1 ( {The other main options are:} 6.Rxb1 Bb4+ 7.Ke2 ( {In my Megabase there are even 11 games featuring:} 7.Nd2 $4 Ne4 ) ) ( {And} 6.Qa4+ {which worked spectacularly well for Kamsky after} 6...b5 $2 7.cxb5 Be4 8.b6+ Nbd7 9.bxc7 Qe7 10.a3 {and White was already winning, Kamsky,G (2702) -Bortnyk,O (2348) ICC INT 2010} ) 6...Bb4+ 7.Kd1 Bd6 {Another exclamation mark according to the French GM Prie.} 8.Bg5 h6 9.Bxf6 {Carlsen deviates of an earlier game of these two.} ( {Some of our readers have probably followed this game live on the chess.com server:} 9.Bh4 g5 10.Bg3 Ne4 11.Qc2 g4 {with a fightful draw later, Carlsen,M (2832)-So,W (2815) chess.com INT 2017. Most likely both players analyzes extensively the arising positions.} ) 9...Qxf6 10.cxd5 $146 {Carlsen improves on a game played by...So!} ( {Obviously, the world champion did not quite like the position arising after:} 10.c5 Bf8 11.Qc2 c6 12.b4 a6 13.Bd3 Nd7 14.Ke2 g5 15.h3 Bg7 16.a4 Qe7 17.Rad1 O-O 18.g4 e5 {So,W (2822)-Wojtaszek,R (2745) Shamkir 2017} ) 10...exd5 11.e4 {The point behind White's play. In the Carlsbad pawn structure White does not even have a hint of an advantage.} 11...Be7 ( {Finally, a positive aspect behind the king's position on d1. In the line} 11...dxe4 $2 12.Qxe4+ {The move} 12...Qe7 {does not pin a white king on e1 and White can grab the pawn} 13.Qxb7 ) 12.Bb5+ {An important intermediate move.} ( {The immediate} 12.e5 {allos the queen to get on a better position with} 12...Qb6 ) 12...c6 13.e5 Qf4 ( 13...Qe6 {deserves attention as well with the same idea} 14.Bd3 c5 ) 14.Bd3 {Intending Kd1-e2 followed by g2-g3. Black cannot allow this.} 14...c5 $1 15.dxc5 ( {On} 15.Ke2 Nc6 $1 {is strong.} ) 15...Nc6 {It seems as Black easily hold the equality, and might even think of something more.} 16.Qc1 Qb4 ( {On} 16...Qg4 {White was likely planning} 17.h3 Qxg2 $2 18.Ke2 ) 17.a3 Qxc5 18.Ke2 {Carlsen still wants to get squeeze something out of the position.} ( 18.Qxc5 Bxc5 19.Ke2 Bb6 {is equal instead.} ) 18...Nd4+ ( {Perhaps better was} 18...Qb6 $5 {keeping the knights on the board.} ) 19.Nxd4 Qxd4 20.f4 O-O ( {After the obvious} 20...Bc5 {So probably disliked the fact the the white king gets too slippery:} 21.Qd2 ( 21.Rf1 O-O {is good for Black.} ) 21...O-O ( {Or} 21...Qf2+ 22.Kd1 Qd4 23.Kc2 Rc8 24.Kb3 ) 22.Kf3 f6 23.e6 {which leads to a better version of the game for White.} ) 21.Qd2 Qb6 22.Rhe1 ( 22.Kf3 $5 f6 23.e6 {might transpose} ) 22...f6 $1 {Once again Black wants to open the game and get access to the white king.} 23.e6 $1 {And once more Carlsen rejects the offer.} ( {After} 23.exf6 Bxf6 24.Rab1 {Black would seize the initiative with} 24...g5 ( {Or the preliminary} 24...Rae8+ 25.Kf1 g5 ) ) 23...Qxe6+ 24.Kf3 {For the pawn Carlsen got open files and diagonals for his pieces. He does not risk much with the opposite-colored bishops on the board. In fact So needs to be careful about White's initiative.} 24...Qd7 {Now White's initiative becomes frightening.} ( {Safer was:} 24...Qf7 25.Qe3 ( {Or} 25.Bf5 Kh8 ) 25...Bd6 ) 25.Rad1 Rad8 26.Qe3 Bd6 27.Bg6 f5 {If 24...Qd7 looked inaccurate, this seems wrong. Black practically loses a pawn.} ( {The endgame after} 27...Qc6 28.Qe6+ Kh8 29.Qxd5 Qxd5+ ( {However} 29...Qc7 $1 {would have kept the game even as both kings remain exposed.} ) 30.Rxd5 {is difficult for Black. He plays without a king.} ) 28.Qe6+ Qxe6 29.Rxe6 Bc5 ( {The lesser evil in comparison to} 29...Bc7 30.h4 {followed by h4-h5 when Black is paralyzed.} ( 30.Re7 $5 ) ) 30.Re5 Rf6 31.Bxf5 Bd6 ( {Maybe a better chance was} 31...Kf7 $5 32.Rexd5 Rxd5 33.Rxd5 Be7 {intending Rf6-d6.} ) 32.Rdxd5 ( {Not} 32.Rexd5 g6 ) 32...Kf7 ( {So correctly avoids the rook endgame after} 32...Bxe5 33.Rxd8+ Kf7 34.Rd7+ Ke8 35.fxe5 ( {Worse is} 35.g4 Bxb2 36.Rxb7 Rb6 $1 ) 35...Rxf5+ 36.Ke4 Rg5 37.Rxb7 Rxg2 38.b4 {when White should be winning.} ) 33.Re4 g6 34.Bg4 $1 {One of those little moves that make the big difference. Carlsen lures the pawn to h5 to stop the g6-g5 threat.} 34...h5 35.Bh3 Re8 36.Red4 {The world champion wants to keep both the rooks on board. But I wonder of he just did not miss Black's next.} ( 36.Rxe8 Kxe8 37.g3 {gives Black serious hopes to draw.} ) 36...Be5 $1 {A strong defensive resource. So makes it to the g6-g5 push.} 37.Rb4 ( {Or} 37.Rc4 g5 ) 37...g5 38.g3 b6 $1 ( {Weaker was} 38...g4+ 39.Bxg4 hxg4+ 40.Kxg4 Rg6+ 41.Kf3 Bd6 42.Rxb7+ Re7 {with four pawns for the piece White should be winning.} ) 39.Rd7+ ( 39.Bd7 Re7 40.Bb5 Bd6 ) 39...Kf8 40.Rh7 $1 {The only chance to play for a win. One way to fight the drawing tendences in the opposite-colored bishop endgame is to sacrifice the bishop!} ( {Black should hold after} 40.Rxa7 Bd6 41.Rc4 b5 42.Rc2 ( 42.Rd4 $2 Bc5 ) 42...gxf4 ) 40...g4+ 41.Bxg4 hxg4+ 42.Kxg4 Bd6 43.Rc4 a5 {One wrong move and So's fantastic defense fails.} ( {Strong was} 43...Rg6+ $1 {with the idea} 44.Kf3 ( {Or} 44.Kf5 Rg7 45.Rh8+ Kf7 46.Rxe8 Kxe8 ) 44...Bc5 $1 45.Rxa7 Re3+ 46.Kg2 Re2+ {when Black should have enough counter-play.} ) 44.Rc6 {Now Carlsen wins fourth pawn for the piece.} 44...Kg8 45.Rb7 Be5 46.Rcxb6 Rxb6 47.Rxb6 Bd4 48.Rb5 {It is funny that the computers evaluate the position as approximately equal. The human understands though that any of the pawns can become a queen and that they cannot be stopped from moving.} 48...Re2 49.b3 ( {Stronger than} 49.h4 Rxb2 50.Rxa5 Rb3 51.Kh5 {when} 51...Rf3 $1 {complicates matters.} ( {Rather than} 51...Rxg3 52.Rg5+ Rxg5+ 53.hxg5 {which wins for White.} ) ) 49...Rxh2 ( {More resilient is} 49...a4 50.Rb4 Bg1 51.Rxa4 Bxh2 ) 50.Rxa5 Re2 51.Rd5 Bb2 52.a4 {The pawns got into motion.} 52...Bc3 53.Kf5 Re8 54.g4 Rf8+ 55.Ke4 Rb8 56.Rb5 {Any time the rooks are traded it is game over.} 56...Re8+ ( 56...Rxb5 $2 57.axb5 ) 57.Kd3 Be1 58.a5 {The rest is fine technical work by the world champion.} 58...Bf2 59.b4 Re3+ 60.Kc4 Re4+ 61.Kb3 Kf7 ( 61...Rxf4 62.Rf5 $1 ) 62.Re5 Rd4 63.b5 Rd3+ 64.Kc2 Rg3 65.g5 Bd4 66.Rd5 Be3 67.Rd3 Rg2+ 68.Kb3 Bc1 ( {Or} 68...Bxf4 69.Rf3 Rg4 70.a6 Kg6 71.Rxf4 Rxf4 72.a7 ) 69.b6 Ke6 70.Rd4 Rb2+ 71.Ka4 Kf5 72.Rb4 Ra2+ 73.Kb5 Bxf4 {Now it all ends with a small a la Capablanca combination.} 74.Rxf4+ $1 Kxf4 75.b7 1-0

[Event "80th Tata Steel GpA TB"]
[Site "Wijk aan Zee NED"]
[Date "2018.01.28"]
[Round "1"]
[White "Carlsen, Magnus"]
[Black "Giri, Anish"]
[Result "1-0"]
[WhiteElo "2834"]
[BlackElo "2752"]
[EventDate "2018.01.28"]
[Annotator "Bojkov,Dejan"]
[PlyCount "109"]
[Beauty "6670218428422"]
[EventType "match"]
[EventRounds "2"]
[EventCountry "NED"]

{[Annotations by Dejan Bojkov]} 
1.Nf3 Nf6 2.c4 e6 3.b3 d5 4.Bb2 Be7 5.e3 O-O 6.Nc3 c5 7.cxd5 Nxd5 8.Nxd5 ( {Carlsen deviates from an earlier game of his:} 8.Qc2 Nc6 9.h4 h6 10.g4 Nxc3 11.dxc3 e5 12.g5 h5 13.Bc4 Be6 14.Bxe6 fxe6 15.Nd2 {Carlsen, M (2840)-Ganguly,S (2668) Doha 2016} ) 8...exd5 9.d4 Qa5+ $146 ( 9...Nc6 10.dxc5 Bxc5 11.a3 Bg4 12.Be2 {Votava,J (2522) -Froewis,G (2463) Austria 2016} ) 10.Qd2 Qxd2+ 11.Kxd2 Nc6 12.dxc5 Bxc5 {Carlsen got "his" type of position. An IQP in an endgame always means a slight, long-term advantage without any counterplay for the opponent.} 13.Bb5 Bb4+ 14.Ke2 Be6 15.Rac1 Rac8 ( 15...Rfc8 {is more precise with the idea to meet} 16.Bxc6 bxc6 17.Ne5 c5 18.Nd3 a5 19.a3 {with} 19...c4 {and the rook on a8 will get into the game soon. For example} 20.bxc4 dxc4 21.Nxb4 axb4 22.axb4 Ra2 $1 ) 16.Rhd1 {Carlsen is sticking to his plan of mounting pressure against the isolani.} ( {Here} 16.Bxc6 bxc6 17.Ne5 c5 18.Nd3 a5 19.a3 c4 20.bxc4 dxc4 21.Nxb4 axb4 22.axb4 {would have been good for White. It is not certain though that he could win.} ) 16...Be7 17.h3 a6 18.Bd3 Nb4 19.Bb1 Rxc1 20.Rxc1 Rc8 21.Rd1 $1 {An instructive move. This rook will always be better than its counterpart.} ( 21.Rxc8+ Bxc8 {would have made Black's defense easier.} ) 21...Nc6 22.g4 {Very classical play. One idea is to push the kingside pawns thus removing the black bishop on e6 from its optimal position. Another is to open the road for his own bishops later.} 22...h6 23.Nd4 Nxd4+ 24.Bxd4 Ba3 25.f4 f6 ( {Giri could have taken the chance to swap the rooks off with} 25...Rc1 $5 26.Rxc1 Bxc1 {and his defense seems a bit easier then.} ) 26.Bg6 Kf8 27.Kf3 Ke7 28.h4 Bb4 29.Bd3 Bd7 30.e4 {A sudden change of the rhythm. Instead of a weak black pawn, a strong white bishop.} 30...Bc3 ( {Safer was:} 30...dxe4+ 31.Bxe4 Bc6 32.Be3 {and now say} 32...Ba3 $5 {in comparison to the game this would have allowed the nasty pin along the c-file.} ) 31.Bf2 Bc6 32.exd5 Bxd5+ 33.Be4 Bxe4+ 34.Kxe4 {With the obvious intention to get on the g6 square with his king.} 34...Ke6 $1 {Blocking the white's king way in.} 35.f5+ Ke7 36.Rc1 Rc6 {Breaks the pin but at the expense of other weaknesses.} ( {Giri should have tried to hold the position with} 36...Rc7 37.Bd4 Ba5 38.Rxc7+ Bxc7 39.Kd5 Bg3 {although I am not sure he can survive here either. The white pieces are too active and the weakness on g7 ties the black king to its defense.} ) ( {Instead} 36...b5 37.Bd4 b4 38.h5 $5 {followed by a capture on c3 and Ke4-d3 would have lost a pawn for Black.} ) 37.Kd3 Bb4 38.Rxc6 bxc6 39.Kc4 {Now there are too many targets into the black camp: a6, c6 and g7 and Carlsen easily finds a way in.} 39...Bd6 40.Bc5 Kd7 41.h5 $1 {Fixing the target.} 41...Bf4 42.Bf8 Ke8 43.Bc5 ( 43.Bxg7 Kf7 44.Bxh6 ( {Weaker is} 44.Bh8 Bd6 45.b4 Be7 46.a4 Bf8 {Just waiting.} ( {But not} 46...Kg8 47.Bxf6 Bxf6 48.Kc5 Be7+ 49.Kb6 $1 {and White wins.} ) ) 44...Bxh6 45.Kc5 a5 46.Kxc6 Bd2 {and the computer claims it is a draw.} ) 43...Kd7 44.Kb4 {The king will get in through the a5 square.} 44...Bd2+ 45.Ka4 Kc7 46.b4 Bf4 47.Bf8 Kb6 48.Bxg7 Bg5 49.Bf8 Bf4 50.Be7 Bg5 51.Kb3 {The world champion saw a clear way to break the fortress.} ( 51.Bc5+ Kc7 52.Bd4 {followed by Ka4-a5 would do the job as well.} ) 51...Kc7 52.Kc4 Kd7 53.Bc5 Kc7 54.Kd3 Kd7 55.Be3 {[Annotations by Dejan Bojkov]} 1-0

[Event "80th Tata Steel GpA TB"]
[Site "Wijk aan Zee NED"]
[Date "2018.01.28"]
[Round "2"]
[White "Giri, Anish"]
[Black "Carlsen, Magnus"]
[Result "1/2-1/2"]
[WhiteElo "2752"]
[BlackElo "2834"]
[EventDate "2018.01.28"]
[Annotator "Bojkov,Dejan"]
[PlyCount "75"]
[Beauty "6255351440919"]
[EventType "match"]
[EventRounds "2"]
[EventCountry "NED"]

{[Annotations by Dejan Bojkov]} 
1.e4 e5 2.Nf3 Nc6 3.Bc4 Bc5 4.c3 Nf6 5.d3 d6 6.O-O a6 7.Re1 Ba7 8.Bb3 O-O 9.h3 h6 10.Nbd2 Re8 11.Nf1 Be6 12.Bc2 d5 13.Qe2 ( {White did not get much after} 13.exd5 Bxd5 14.Ng3 Qd7 15.Ne4 Nxe4 16.dxe4 Be6 17.Qxd7 Bxd7 18.a4 f6 {Onischuk,V (2637)-Anand, V (2782) Riadh 2017} ) 13...dxe4 14.dxe4 Qe7 15.Ng3 Rad8 16.Nh4 Qf8 17.Nhf5 $146 {A novelty.} ( 17.Qf3 Nh7 ( 17...Kh7 $5 ) 18.Nhf5 Bxf5 19.Nxf5 ( {White would be better after} 19.exf5 $1 ) 19...Ne7 20.Ba4 {with some advantage for White in Tobyas,M (2290)-Krupkova,P (2285) Czechia 1997} ) 17...Ne7 $1 18.Ne3 Ng6 {With this regroupment Carlsen solved all his problems on the kingside.} 19.Ngf5 Nf4 20.Qf3 c6 ( 20...g6 $5 ) 21.Ng4 Nxg4 22.hxg4 ( 22.Qxg4 g6 ) 22...g6 23.Bxf4 $1 {A sign of courage. Giri needs to win no matter what.} ( {The knight cannot leave:} 23.Ng3 Qe7 {followed by Qe7-g5 is awkward for White.} ) 23...exf4 24.Qxf4 {The point behind the previous move.} 24...gxf5 25.gxf5 Qg7 $1 {A very practical choice. Carlsen returns the piece but stops the attack. Despite the pawn deficit he should not be much worse due to the opposite-colored bishops.} ( 25...Bc8 26.f6 {followed by e4-e5 and attack on the b1-h7 diagonal and the g-file would be extremely difficult to hold (if possible).} ) 26.fxe6 Rxe6 ( {Objectively better was to open the f-file at once with} 26...fxe6 $5 27.Bb3 Qg5 28.Qxg5+ ( {If} 28.Qf3 Kg7 {followed by Re8-f8.} ) 28...hxg5 ) 27.Rad1 Rde8 ( {Black's task is more difficult after} 27...Rxd1 28.Rxd1 Qg5 29.g3 ) 28.Re2 Qg5 29.Qf3 {Instinctively, Giri tries to keep the queens on the board, but this is not best here.} ( {White would have kept winning chances with} 29.g3 $1 {For example} 29...Qxf4 30.gxf4 Rf6 31.Rd7 Rxf4 32.Rxb7 Bb8 33.Kf1 ) 29...Rf6 30.Qh3 Qf4 31.Rf1 Re5 {It is Black who takes over the initiative and this is all that matters in the opposite-colored bishop middlegames.} 32.Qh2 Qg5 33.g3 {Now White stands on the edge of the abyss.} ( {Better was} 33.Rd1 Rf4 34.g3 ) 33...Qg4 34.Rd2 Rg5 {All of a sudden g3 cannot be held.} 35.e5 ( {In a blitz game (and not only) one can get easily checkmated after} 35.Kg2 $2 Qf3+ 36.Kg1 Rxg3+ ) ( {Also bad is} 35.Kh1 $2 Rh5 ) ( {Objectively best was} 35.Bd1 {when Black can keep on playing for a win with} 35...Qf4 $1 ( {Or rather force a draw with} 35...Qxg3+ 36.Qxg3 Rxg3+ 37.Kh2 Rg5 ) ) 35...Rxe5 {Solid. The world champion is leaving his opponent no match chances.} ( {In fact} 35...Rf3 $1 36.Kg2 Rh5 37.Qg1 Rf4 $1 {would have won for Black.} ) 36.Bd1 Qg5 37.Rd3 Ref5 38.Qh4 {In the final position it is Black who is playing for a win. [Annotations by Dejan Bojkov]} 1/2-1/2